Rich dad's the business school : by Robert T. Kiyosaki

Bibliographic Details
Main Author: Kiyosaki, Robert T. , 1947-
Format: Book
Subjects:

MARC

LEADER 00000cam a2200000 7i4500
001 0000003491
005 20060404.0
020 0 0 |a 8186775811 
090 0 0 |a 332.02401   |b KIY 
100 1 0 |a Kiyosaki, Robert T. ,   |d 1947- 
245 1 0 |a Rich dad's the business school :   |b by Robert T. Kiyosaki 
650 0 0 |a Finance, Personal. 
650 0 0 |a Financial security. 
650 0 0 |a Investments. 
999 |a 0000006861   |b Monograph   |c Open Shelf   |e Default branch